000 00354 a2200109 4500
001 ART_42027
005 20260410161815.0
008 260409a
245 1 0 _aLa enseñanza del derecho constitucional en la República Democrática
100 1 _aGelli, María Angélica
773 0 _tAcademia
_g- Año 2, Nº 3 (mar./jun. 2004)
_wREV4314
999 _c21817
_d21817